| 000 -LEADER |
| fixed length control field |
00606cam a2200181 a 4500 |
| 020 ## - INTERNATIONAL STANDARD BOOK NUMBER |
| ISBN |
1559347066 |
| 040 ## - CATALOGING SOURCE |
| Transcribing agency |
DLC |
| 082 ## - DEWEY DECIMAL CLASSIFICATION NUMBER |
| Classification number |
801 MAY 1997 A094 Or. |
| 100 1# - MAIN ENTRY--AUTHOR NAME |
| Personal name |
Birenbaum, Harvey. |
| 245 14 - TITLE STATEMENT |
| Title |
The happy critic : |
| Remainder of title |
a serious but not solemn guide to thinking and writing about literature / |
| 260 ## - PUBLICATION, DISTRIBUTION, ETC. (IMPRINT) |
| Place of publication |
Mountain View, Calif. : |
| Name of publisher |
Mayfield Pub., |
| Year of publication |
c1997. |
| 300 ## - PHYSICAL DESCRIPTION |
| Number of Pages |
xv, 263 p. : |
| Other physical details |
ill. ; |
| Dimensions |
22 cm. |
| 650 #0 - SUBJECT ADDED ENTRY--TOPICAL TERM |
| Topical Term |
Criticism. |
| 650 #0 - SUBJECT ADDED ENTRY--TOPICAL TERM |
| Topical Term |
Criticism |
| 856 42 - ELECTRONIC LOCATION AND ACCESS |
| Uniform Resource Identifier |
http://www.loc.gov/catdir/description/mh024/96023360.html |
| 856 41 - ELECTRONIC LOCATION AND ACCESS |
| Uniform Resource Identifier |
http://www.loc.gov/catdir/toc/mh023/96023360.html |
| 942 ## - ADDED ENTRY ELEMENTS (KOHA) |
| Koha item type |
សៀវភៅភាសាអង់គ្លេស |
| 952 ## - LOCATION AND ITEM INFORMATION (KOHA) |
| Withdrawn status [LOCAL, KOHA] |
0 |